| 000 | 00768nam a22002417a 4500 | ||
|---|---|---|---|
| 999 |
_c4292 _d4292 |
||
| 003 | AR-CdUCM | ||
| 008 | 190308b ||||| |||| 00| 0 spa d | ||
| 040 |
_aMUNICIPALIDAD PROVINCIAL DEL CUSCO _cBIBLIOTECA MUNICIPAL DEL CUSCO |
||
| 082 |
_a759.946 / _bP97 |
||
| 110 |
_aPublex S.A. _913567 |
||
| 245 |
_aLa mas grandiosa colección de arte del mundo : _bGris, Juan / |
||
| 260 |
_aBuenos Aires : _bCodex, _c1967. |
||
| 300 |
_a32 paginas ; _bIlustraciones en color, _c35 cm. |
||
| 440 |
_aPinacoteca de los genios _n161 _913568 |
||
| 500 | _aDonación de la Familia Nieto | ||
| 505 | _aArte | ||
| 650 |
_aArte _9561 |
||
| 650 |
_aPintura _93081 |
||
| 650 |
_aEspaña _9176 |
||
| 700 |
_aSenderey, Berta (Traductor) _913510 |
||
| 942 |
_2ddc _cLIBROS |
||
| 945 | _awnts | ||